<?xml version="1.0" encoding="UTF-8"?><?xml-stylesheet type="text/xsl" href="static/style.xsl"?><OAI-PMH xmlns="http://www.openarchives.org/OAI/2.0/" xmlns:xsi="http://www.w3.org/2001/XMLSchema-instance" xsi:schemaLocation="http://www.openarchives.org/OAI/2.0/ http://www.openarchives.org/OAI/2.0/OAI-PMH.xsd"><responseDate>2026-04-17T07:56:41Z</responseDate><request verb="GetRecord" identifier="oai:www.recercat.cat:10459.1/49383" metadataPrefix="marc">https://recercat.cat/oai/request</request><GetRecord><record><header><identifier>oai:recercat.cat:10459.1/49383</identifier><datestamp>2024-12-05T21:31:47Z</datestamp><setSpec>com_2072_3622</setSpec><setSpec>col_2072_479130</setSpec></header><metadata><record xmlns="http://www.loc.gov/MARC21/slim" xmlns:dcterms="http://purl.org/dc/terms/" xmlns:xsi="http://www.w3.org/2001/XMLSchema-instance" xmlns:doc="http://www.lyncode.com/xoai" xsi:schemaLocation="http://www.loc.gov/MARC21/slim http://www.loc.gov/standards/marcxml/schema/MARC21slim.xsd">
   <leader>00925njm 22002777a 4500</leader>
   <datafield ind2=" " ind1=" " tag="042">
      <subfield code="a">dc</subfield>
   </datafield>
   <datafield ind2=" " ind1=" " tag="720">
      <subfield code="a">Rodríguez, M.</subfield>
      <subfield code="e">author</subfield>
   </datafield>
   <datafield ind2=" " ind1=" " tag="720">
      <subfield code="a">Bosch Serra, Dolors</subfield>
      <subfield code="e">author</subfield>
   </datafield>
   <datafield ind2=" " ind1=" " tag="720">
      <subfield code="a">Avilla Hernández, Jesús</subfield>
      <subfield code="e">author</subfield>
   </datafield>
   <datafield ind2=" " ind1=" " tag="260">
      <subfield code="c">2016-01-23T11:55:11Z</subfield>
   </datafield>
   <datafield ind2=" " ind1=" " tag="260">
      <subfield code="c">2011</subfield>
   </datafield>
   <datafield ind2=" " ind1=" " tag="260">
      <subfield code="c">2016-01-23T11:54:35Z</subfield>
   </datafield>
   <datafield ind2=" " ind1=" " tag="520">
      <subfield code="a">Cydia pomonella (L.), agusanado de la manzana o carpocapsa(Foto 1), es una de las plagas más importantesde manzano y peral. Sus antecedentes de resistencia a insecticidas con diversos tipos de acción son conocidosen todo el mundo. En la zona de producción de manzano&#xd;
de Lleida se ha detectado que la resistencia a insecticidas se debe principalmente a la actividad de las enzimas multifunción oxidasas (MFO), que metabolizan el insecticida antes de que alcance su lugar de acción. Para desarrollar un método para el monitoreo de la resistencia,&#xd;
utilizamos adultos de campo para medir la actividad de las MFO. Los resultados obtenidos nos proveen de información que permite indicar el potencial desarrollo de resistencia a insecticidas en campo y, por lo tanto, nos&#xd;
permite influir en la toma de decisiones sobre la mejor estrategia para prevenirla o revertirla.</subfield>
   </datafield>
   <datafield ind2=" " ind1=" " tag="520">
      <subfield code="a">Los autoresa gradecemos a los técnicos de las Agrupaciones de Defensa Vegetal de Las Tierras&#xd;
de Lleida su colaboración en la identificación de parcelas,en la recolección de poblaciones de&#xd;
carpocapsa y su interés por nuestro trabajo. Éste ha sido parcialmente financiado por los&#xd;
proyectos del Ministerio de Ciencia e Innovación AGL2004-05812/AGR y AGL2007-62366/AGR.</subfield>
   </datafield>
   <datafield ind1="8" ind2=" " tag="024">
      <subfield code="a">http://hdl.handle.net/10459.1/49383</subfield>
   </datafield>
   <datafield tag="653" ind2=" " ind1=" ">
      <subfield code="a">Insecticides</subfield>
   </datafield>
   <datafield tag="653" ind2=" " ind1=" ">
      <subfield code="a">Cucs</subfield>
   </datafield>
   <datafield tag="653" ind2=" " ind1=" ">
      <subfield code="a">Plagues agrícoles</subfield>
   </datafield>
   <datafield tag="653" ind2=" " ind1=" ">
      <subfield code="a">Pomera</subfield>
   </datafield>
   <datafield tag="653" ind2=" " ind1=" ">
      <subfield code="a">Insecticides</subfield>
   </datafield>
   <datafield tag="653" ind2=" " ind1=" ">
      <subfield code="a">Worms</subfield>
   </datafield>
   <datafield tag="653" ind2=" " ind1=" ">
      <subfield code="a">Agricultural pests</subfield>
   </datafield>
   <datafield tag="653" ind2=" " ind1=" ">
      <subfield code="a">Apple tree</subfield>
   </datafield>
   <datafield ind2="0" ind1="0" tag="245">
      <subfield code="a">Monitoreo de la resistencia a insecticidas en carpocapsa</subfield>
   </datafield>
</record></metadata></record></GetRecord></OAI-PMH>